ბათუმის შოთა რუსთაველის სახელმწიფო უნივერსიტეტის ბიბლიოთეკა

სტანდარტიზაცია და სერტიფიკაცია= Standartization and Certifikacion (ბიბ.ჩანაწერი № 52562)

000 -LEADER
fixed length control field 00870nam a2200241Ia 4500
001 - CONTROL NUMBER
control field 19586
003 - CONTROL NUMBER IDENTIFIER
control field GE_BSU
008 - FIXED-LENGTH DATA ELEMENTS--GENERAL INFORMATION
fixed length control field 181216s||||||||xx |||||||||||||| ||und||
040 ## - CATALOGING SOURCE
Transcribing agency GE_BSU
080 ## - UNIVERSAL DECIMAL CLASSIFICATION NUMBER
Universal Decimal Classification number 006.1(075.8)
100 ## - MAIN ENTRY--PERSONAL NAME
Personal name მამულაძე,რომან, ფუტკარაძე, ზაურ
245 ## - TITLE STATEMENT
Title სტანდარტიზაცია და სერტიფიკაცია= Standartization and Certifikacion
245 ## - TITLE STATEMENT
Statement of responsibility, etc. რედ. ა. აბრალავა
250 ## - EDITION STATEMENT
Edition statement 9789941435348
260 ## - PUBLICATION, DISTRIBUTION, ETC.
Place of publication, distribution, etc. თბილისი
260 ## - PUBLICATION, DISTRIBUTION, ETC.
Name of publisher, distributor, etc. ალიონი
260 ## - PUBLICATION, DISTRIBUTION, ETC.
Date of publication, distribution, etc. 2014
300 ## - PHYSICAL DESCRIPTION
Extent 334გვ.
653 ## - INDEX TERM--UNCONTROLLED
Uncontrolled term სტანდარტიზაცია და სერტიფიკაცია= Standartization and Certifikacion
653 ## - INDEX TERM--UNCONTROLLED
Uncontrolled term ქსეროქსი
942 ## - ADDED ENTRY ELEMENTS (KOHA)
Koha item type წიგნი
ეგზემპლარები
Withdrawn status Lost status Damaged status Not for loan Date acquired Barcode Date last seen Price effective from Koha item type Public note
        2018-12-17 00381 ქსეროქსი 2018-12-17 2018-12-17 წიგნი ქსეროქსი